Normal view
MARC view
- الأردن - أحوال اجتماعية
Entry Topical Term
001 - CONTROL NUMBER
- control field: 7325
003 - CONTROL NUMBER IDENTIFIER
- control field: JO-AjAnu
005 - DATE AND TIME OF LATEST TRANSACTION
- control field: 20230606071502.0
008 - FIXED-LENGTH DATA ELEMENTS
- fixed length control field: 230606|| aca||aabn | a|a d
040 ## - CATALOGING SOURCE
- Original cataloging agency: JO-AjAnu
- Transcribing agency: JO-AjAnu
150 ## - HEADING--TOPICAL TERM
- Topical term or geographic name entry element: الأردن - أحوال اجتماعية
670 ## - SOURCE DATA FOUND
- Source citation: Work cat.: (JO-AjAnu)3790: خطايبة، صايل زكي / م.مشارك: نادر ابراهيم بني نصر, author 7324, المجتمع الاردني